000 00837nam a2200241 i 4500
001 124695
003 ES-MaACL
005 20230906192457.0
007 t|
008 070418s1920 sp ||||1| spa d
080 _a821.134.2-22"19"
100 1 _aTorres del Álamo, Ángel.
_9110942
245 1 3 _aLa suerte de Salustiano ó Del Rastro a Recoletos
_b: comedia de costumbres en tres actos /
_coriginal de Torres del Alamo y Asenjo.
260 _a[Madrid :
_bLa Novela Teatral,
_c1920]
300 _a16 h. ;
_c20 cm.
490 1 _aLa novela teatral ;
_v176
500 _aEn la cub. caricatura de Alens Perkins por Tovar.
700 0 _aTovar
_c, ilustrador.
_9157378
740 0 _aDel Rastro a Recoletos.
830 0 _aLa novela teatral ;
_v176
_9122427
852 _aES-MaACL
_j2215-F-49
_bR.138762
999 _c124695
_d124695